Find the European Countries Without 'O' Quiz Stats

 Plays Quiz not verified by Sporcle

Score 0/29 Timer 03:00
2 Plays Today
% Correct
France
97.4%
Sweden
97.3%
Ireland
97.1%
Spain
96.8%
Russia
96.8%
Finland
96.5%
Italy
96.4%
Germany
96.4%
Iceland
96.3%
Turkey
96.2%
Ukraine
95.7%
Greece
95.6%
Austria
94.8%
Latvia
94.8%
Belgium
93.9%
% Correct
Lithuania
93.9%
Belarus
93.8%
Switzerland
93.7%
Netherlands
93.6%
Czechia
92.5%
Denmark
91.3%
Bulgaria
90.6%
Hungary
89.9%
Albania
88.5%
Cyprus
87.4%
Vatican City
86.8%
Serbia
86.1%
Malta
82%
Liechtenstein
75.4%

You're not logged in!

Compare scores with friends on all Sporcle quizzes.
OR
Log In

Sporcle TV

Today on Sporcle TV


Watch our educational content, quiz creation guides, and fun videos on Sporcle TV.

Show Comments

Extras

Top Quizzes Today


Score Distribution

Your Account Isn't Verified!

In order to create a playlist on Sporcle, you need to verify the email address you used during registration. Go to your Sporcle Settings to finish the process.

Report this User

Report this user for behavior that violates our Community Guidelines.

Details: